| 000 | 00683nam a22002055a 4500 | ||
|---|---|---|---|
| 005 | 20180204114818.0 | ||
| 008 | 180204s1983 enk frb 001 0 eng d | ||
| 020 | _a0713163852 | ||
| 040 |
_aEG-ScBUE _beng _cEG-ScBUE _dEG-ScBUE |
||
| 082 | 0 | 4 |
_222 _a304.2 _bJOH |
| 100 | 1 |
_aJohnston, R. J. _q(Ronald John) |
|
| 245 | 1 | 0 |
_aPhilosophy and human geography : _ban introduction to contemporary approaches / _cR. J. Johnston. |
| 260 |
_aLondon : _bEdward Arnold, _c1983. |
||
| 300 |
_aviii, 152 p. ; _c18 cm. |
||
| 504 | _aIncludes bibliographical references and index. | ||
| 650 | 7 |
_2BUEsh _aHuman geography _xPhilosophy. |
|
| 651 | _2BUEsh | ||
| 653 |
_bGGEN _cFebruary2018 |
||
| 942 | _2ddc | ||
| 999 |
_c26072 _d26044 |
||